000
00209nam a2200109Ia 4500
100
_a
#N/A
942
_c
BK
654
_a
triggers of change
245
_a
Change Management
260
_b
#N/A
546
_a
ENGLISH
999
_c
18358
_d
18358